[Event "Druzynowe Mistrzostwa Polski Juniorow - Ekstraliga"]
[Site "Osrodek Wczasowo - Szkoleniowy "Relax" ul. Stroma 20, 43-450 Ustron"]
[Date "2011-07-02"]
[Round "9.27"]
[White "Ulanowski, Karol"]
[Black "Koitka, Jakub"]
[Result "1/2-1/2"]
[WhiteTitle "I"]
[BlackTitle "I"]
[WhiteElo "1949"]
[BlackElo "1920"]

1. e4 e5 2. Nf3 Nc6 3. Bb5 a6 4. Ba4 Nf6 5. O-O Be7 6. Re1 b5 7. Bb3 d6 8. c3 O-O
9. h3 Nb8 10. d4 Nbd7 11. Nbd2 Bb7 12. Bc2 Re8 13. Nf1 Bf8 14. Ng3 g6 15. a4 c5
16. d5 c4 17. Bg5 h6 18. Be3 Nc5 19. Qd2 h5 20. Ra3 Qc7 21. Qe2 Bg7 22. Rea1 Nfd7
23. Ng5 Nb6 24. axb5 axb5 25. Rxa8 Rxa8 26. Rxa8+ Bxa8 27. f4 exf4 28. Bxf4 Nbd7
29. Nf3 Ne5 30. Nxe5 Bxe5 31. Bxe5 dxe5 32. Kh2 Nb7 33. Bd1 Nd6 34. Qe3 Qd8 35.
Bf3 Bb7 36. Qh6 Ne8 37. Nf1 Qf6 38. Qe3 Nd6 39. Nd2 Bc8 40. Be2 Qh4 41. Bf1 Bd7
42. g3 Qf6 43. Be2 Qd8 44. Nf3 Qf6 45. Nd2 1/2-1/2

[Event "Druzynowe Mistrzostwa Polski Juniorow - Ekstraliga"]
[Site "Osrodek Wczasowo - Szkoleniowy "Relax" ul. Stroma 20, 43-450 Ustron"]
[Date "2011-07-02"]
[Round "9.28"]
[White "Delekta, Filip"]
[Black "Drop, Szymon"]
[Result "1-0"]
[WhiteTitle "II+"]
[BlackTitle "II"]
[WhiteElo "1848"]
[BlackElo "1612"]

1. e4 e5 2. Nf3 Nc6 3. Bb5 Bc5 4. O-O Nf6 5. c3 O-O 6. d4 Bb6 7. Bg5 d6 8. Qd3
Qe7 9. Nbd2 a6 10. Ba4 Bg4 11. Rfe1 Rad8 12. d5 Nb8 13. Nc4 Ba7 14. Ne3 Bxe3 15.
Rxe3 Nbd7 16. b4 b5 17. Bb3 h6 18. Bh4 Bxf3 19. Rxf3 g5 20. Bg3 Nh5 21. Bc2 f6
22. c4 Nf4 23. Qf1 Rb8 24. Rc3 Nb6 25. Bxf4 exf4 26. cxb5 Qe5 27. Rxc7 axb5 28.
Rc1 Nc4 29. Bd3 Rfc8 30. Rc6 Rxc6 31. dxc6 Nb6 32. Bxb5 Qxe4 33. c7 Rf8 34. Ba6
Nc8 35. Bxc8 Rxc8 36. Qa6 Qf5 37. Qxc8+ Qxc8 38. b5 Kg7 39. b6 f3 40. gxf3 1-0

[Event "Druzynowe Mistrzostwa Polski Juniorow - Ekstraliga"]
[Site "Osrodek Wczasowo - Szkoleniowy "Relax" ul. Stroma 20, 43-450 Ustron"]
[Date "2011-07-02"]
[Round "9.29"]
[White "Chrzaszcz, Malvina"]
[Black "Wisniowska, Klaudia"]
[Result "0-1"]
[WhiteTitle "k"]
[BlackTitle "k"]
[WhiteElo "2046"]
[BlackElo "2022"]

1. e4 c5 2. Nf3 d6 3. d4 cxd4 4. Nxd4 Nf6 5. Nc3 Nc6 6. Be2 g6 7. Be3 Bg7 8. f3
O-O 9. Qd2 Nxd4 10. Bxd4 Be6 11. O-O-O Qa5 12. Kb1 Rfc8 13. b3 Rab8 14. g4 b5
15. g5 Ne8 16. Nd5 Qxd2 17. Rxd2 Bxd5 18. exd5 Bxd4 19. Rxd4 Ng7 20. Bd3 Nf5 21.
Bxf5 gxf5 22. Re1 Re8 23. h4 Kg7 24. h5 h6 25. f4 Rb7 26. Rg1 hxg5 27. Rxg5+ Kf6
28. Rd3 Rh8 29. Rc3 b4 30. Rc6 Rb5 31. Rc4 Rxd5 32. Rxb4 Rd1+ 33. Kb2 Rf1 34.
Rg2 Rxh5 35. Ra4 Rh4 36. Rxa7 Rfxf4 37. a4 Rfg4 38. Rf2 f4 39. a5 e5 40. Ra8 e4
41. a6 e3 42. Re8 exf2 43. a7 f1=Q 44. a8=Q Rh6 45. Qd8+ Kg6 46. Qxd6+ Kh5 47.
Qd5+ Rg5 48. Qxf7+ Kg4 49. Re3 Qb5 50. Re4 Qf5 51. Qc4 Qf6+ 52. Kc1 Rh1+ 53. Kd2
Rh2+ 54. Kd3 Qd6+ 55. Rd4 Qg6+ 56. Re4 Re5 0-1

[Event "Druzynowe Mistrzostwa Polski Juniorow - Ekstraliga"]
[Site "Osrodek Wczasowo - Szkoleniowy "Relax" ul. Stroma 20, 43-450 Ustron"]
[Date "2011-07-02"]
[Round "9.30"]
[White "Gora, Antonina"]
[Black "Kasperek, Kinga"]
[Result "1-0"]
[WhiteTitle "II+"]
[BlackTitle "II+"]
[WhiteElo "1667"]
[BlackElo "1493"]

1. e4 e5 2. Nf3 Nc6 3. Bc4 Nf6 4. d3 Be7 5. c3 O-O 6. O-O d5 7. exd5 Nxd5 8. Re1
Bf6 9. h3 Re8 10. Nbd2 g6 11. Ne4 Bg7 12. Bg5 Nf6 13. d4 Bf5 14. Ng3 e4 15. Nd2
h6 16. Ndxe4 hxg5 17. Nxg5 Rf8 18. Nxf5 gxf5 19. Qf3 Qd7 20. Ne6 Rfe8 21. Nxg7
Kxg7 22. Qg3+ Kf8 23. Qh4 Ng8 24. Qh7 Rxe1+ 25. Rxe1 Re8 26. Rf1 Qe7 27. Qxf5
Nh6 28. Qf4 Qd6 29. Qxd6+ cxd6 30. g4 Kg7 31. f4 f6 32. Kg2 Re3 33. Rf3 Re7 34.
Rg3 Re4 35. Kf3 Re1 36. Rg2 Ne7 37. h4 Rh1 38. Kg3 b6 39. f5 Kf8 40. Bb3 Nhxf5+
41. gxf5 Nxf5+ 42. Kf4 Rf1+ 43. Ke4 Nxh4 44. Rg8+ Ke7 45. Rg7+ Ke8 46. Rxa7 Re1+
47. Kd5 Nf5 48. Ba4+ Kf8 49. Bd7 Ne7+ 50. Kxd6 f5 51. Be6 1-0